B1G Big Ten NFL quarterbacks drafted 2010-2021 - Statistics

General Stats
  • This quiz has been taken 215 times
  • The average score is 6 of 16
Answer Stats
Year College Round Team Answer % Correct
2021 Ohio St 1 Chicago Justin Fields
98%
2019 Ohio St 1 Washington Dwayne Haskins
85%
2012 Wisconsin 3 Seattle Russell Wilson
70%
2012 Michigan St 4 Washington Kirk Cousins
54%
2019 Penn St 6 Baltimore Trace McSorley
41%
2017 Iowa 3 San Francisco CJ Beathard
36%
2016 Penn St 2 NYJ Christian Hackenberg
35%
2016 Michigan St 4 Oakland Connor Cook
29%
2016 Ohio St 4 Buffalo Cardale Jones
28%
2015 Northwestern 7 Denver Trevor Siemian
26%
2020 Iowa 7 Minnesota Nate Stanley
14%
2019 Northwestern 5 Philadelphia Clayton Thorson
13%
2016 Indiana 6 Washington Nate Sudfeld
13%
2018 Nebraska 6 Jacksonville Tanner Lee
7%
2010 Northwestern 4 Philadelphia Mike Kafka
5%
2011 Iowa 5 Kansas City Ricky Stanzi
4%
No matching quizzes found
Score Distribution
Percent of People with Each Score
Percentile by Number Answered
Your Score History
You have not taken this quiz